| 000 | 00563nam a2200217 a 4500 | ||
|---|---|---|---|
| 999 |
_c11765 _d11765 |
||
| 001 | 11765 | ||
| 003 | BD-JhCC | ||
| 005 | 20220907134024.0 | ||
| 008 | 200903b a|||| ||a| 001 0 eng d | ||
| 020 | _a9789382604587 | ||
| 035 | _a(BD-JhCC)11765 | ||
| 040 |
_aBD-JhCC _dBD-JhCC |
||
| 041 | _aeng | ||
| 082 |
_a567 _bDIN |
||
| 245 | _aMy Big encyclopedia of Dinosaurs / | ||
| 260 | _bFuture Publishers; | ||
| 300 |
_a160 p.: _bill: _c30 cm. |
||
| 650 |
_a Big books. Dinosaurs . _vJuvenile literature _x Dinosaurs. |
||
| 942 |
_2ddc _cBK _01 |
||